|
|
|
|
| LEADER |
00000nab a2200000 ar4500 |
| 001 |
vtls009505429 |
| 003 |
SK-MaSNL |
| 005 |
20260303171257.0 |
| 008 |
090505c20090116xo mr|p|||||||000 b|slo |
| 038 |
|
|
|a SNSK
|
| 040 |
|
|
|b slo
|c SNSK
|e AACR2
|
| 041 |
|
|
|a slo
|
| 044 |
|
|
|a xo
|c SK
|
| 080 |
|
|
|a 342.591
|x (437.675)
|2 2001
|
| 080 |
|
|
|a 94
|x (437.675)
|2 2001
|
| 100 |
1 |
|
|a Bielený, Branislav
|4 aut
|9 1032111
|
| 245 |
1 |
0 |
|a Historik Ivan Bohuš (51) tvrdí: Štrba kašľala na Štrbské pleso
|b jazero chceli vypustiť. Pozemok mienili vymeniť za pasienky
|c Branislav Bielený
|
| 300 |
|
|
|b Fotogr.
|
| 650 |
0 |
7 |
|a územné spory
|2 snsk
|9 1071
|
| 651 |
|
7 |
|a Štrba (Slovensko)
|2 snsk
|9 56257
|
| 651 |
|
7 |
|a Štrbské Pleso (Štrba, Slovensko)
|2 snsk
|9 174790
|
| 651 |
|
7 |
|a Poprad (Slovensko : okres)
|2 snsk
|9 28675
|
| 773 |
0 |
|
|t Nový Čas
|g Roč. 19, č. 12 (16.1.2009), s. 10-11
|x 1335-4655
|
| 852 |
|
|
|a SNSK
|b KIS3GCP
|
| 999 |
|
|
|c 2080595
|d 2082525
|